000 00646nam a22002297a 4500
003 UA-OsUOA
001 67452
007 ta
008 20100223b un ||||| |||| 00| 0 ukr d
090 _a811.111
_bА64
942 _cBK
040 _aUA-OsUOA
_bukr
_cUA-OsUOA
_dUA-OsUOA
245 _aАнглійська мова
_cО. М. Старикова
300 _a327 с.
955 _a2
041 _aukr
080 _a811.111
020 _a5-11-003803-1
260 _aК.
_bВища школа
_c1993
650 7 _a8 Мовознавство. Художня література. Літературознавство
_2UDC
999 _c353538
_d353538